000 00555nam a2200217Ia 4500
005 20250508161058.0
008 008 250505s9999 xx 000 0 eng d
020 _a0-256-02193-7
037 _aTextual
040 _aFEDL
_beng
_cFEDL
041 _aeng
_2eng
084 _a155.2, BAR
_qFEDL
100 _aBarnouw Victor
245 0 _aCulture and personality
250 _a3rd
260 _aHomewood
_bDorsey Press
_c1979
300 _axii,473p
650 _aPersonality
942 _cTEXL
_h155.2, BAR
999 _c1368305
_d1368305